| 000 | 00433nam a2200145Ia 4500 | ||
|---|---|---|---|
| 008 | 230917s9999||||xx |||||||||||||| ||und|| | ||
| 040 |
_e215310 _aMAIN |
||
| 041 | _aEnglish | ||
| 082 | _a823.08 K529C | ||
| 100 | _aKhushwant Singh | ||
| 245 | 0 | _aClassic Khushwant Singh: Train to Pakistan, I shall not hear the Nightingale, Delhi, Burial at sea | |
| 260 |
_aNew Delhi _bPenguin Books _c2010 |
||
| 300 | _avii, 737 p. | ||
| 942 | _cBK | ||
| 999 |
_c177724 _d177724 |
||